Underdogs and end empires : a memoir (Record no. 444228)

000 -LEADER
fixed length control field 00438cam a22001577a 4500
008 - FIXED-LENGTH DATA ELEMENTS--GENERAL INFORMATION
fixed length control field 180718b2010 xxu||||| |||| 00| 0 eng d
020 ## - INTERNATIONAL STANDARD BOOK NUMBER
International Standard Book Number 8122007805
082 ## - DEWEY DECIMAL CLASSIFICATION NUMBER
Classification number A99 K528u
100 ## - MAIN ENTRY--PERSONAL NAME
Personal name Khosla, I.P.
245 ## - TITLE STATEMENT
Title Underdogs and end empires : a memoir
Statement of responsibility, etc. by I.P. Khosla
260 ## - PUBLICATION, DISTRIBUTION, ETC.
Place of publication, distribution, etc. Delhi
Name of publisher, distributor, etc. Konark
Date of publication, distribution, etc. 2010
300 ## - PHYSICAL DESCRIPTION
Extent 419p.
650 ## - SUBJECT ADDED ENTRY--TOPICAL TERM
Topical term or geographic name entry element India -- Foreign relations
650 ## - SUBJECT ADDED ENTRY--TOPICAL TERM
Topical term or geographic name entry element Diplomats -- India -- Biography
650 ## - SUBJECT ADDED ENTRY--TOPICAL TERM
Topical term or geographic name entry element Khosla, I. P
Holdings
Withdrawn status Lost status Damaged status Not for loan Permanent Location Current Location Date acquired Full call number Barcode Date last seen Price effective from Koha item type
        Indian Institute of Public Administration Indian Institute of Public Administration 2014-11-13 A99 K528u 86013 2018-07-21 2018-07-21 Book

Powered by Koha